000
00255nam a2200133Ia 4500
100
_a
CIMI
942
_c
BK
366
_f
20
245
_a
CUTTING & SEWING ASSIGNMENT/TEST
260
_b
CIMI
_a
Chennai
300
_a
56
546
_a
ENGLISH
999
_c
27883
_d
27883